| 000 | 00660cam a22002291 4500 | ||
|---|---|---|---|
| 001 | sa 64007984 | ||
| 003 | DLC | ||
| 005 | 20260227112051.0 | ||
| 008 | 881116s1963 ii 000 0 eng | ||
| 010 | _asa 64007984 | ||
| 025 | _aPL480:I-E-3220 | ||
| 035 | _a(OCoLC)18769790 | ||
| 040 |
_aDLC _cWaU _dWaU _dDLC |
||
| 042 | _apremarc | ||
| 043 | _aa-ii--- | ||
| 050 | 0 | 0 |
_aDS480.84 _b.M32 |
| 100 | 1 |
_aMani, Annakavoor Doraiswamy, _d1910- |
|
| 245 | 1 | 4 |
_aThe second report to the people of Madhya Pradesh, 1962, _cby A. D. Mani. |
| 260 |
_a[Nagpur, _bHitavada Press, _c1963?] |
||
| 300 |
_a164 p. _c24 cm. |
||
| 651 | 0 |
_aIndia _xPolitics and government _y1947- |
|
| 999 |
_c60619 _d60619 |
||